000 00447nam a2200169 i 4500
001 90810
003 ES-MaACL
005 20230906180552.0
007 t|
008 050125s1933 fr ||||1| fre d
100 1 _aLecomte, Georges.
_971103
245 1 0 _aThiers /
_cGeorges Lecomte.
260 _aParĂ­s :
_b[s.n.,
_c1933] (
_eMesnil :
_fFirmin Didot)
300 _a316 p. ;
_c19 cm.
852 _aES-MaACL
_jA-3894
852 _aES-MaACL
_jB-12856
999 _c90810
_d90810